000 01323pam a2200277 a 4500
001 491
005 20230428144252.0
008 950227s1996 nyua j 000 1 eng
020 _a0395713250
040 _aDLC
_cDLC
_dDLC
_dFISKH
_beng
050 0 0 _aPZ7.B91527
_bTq 1996
082 0 0 _a808.068
_220
100 1 _aBunting, Eve,
_d1928-
245 1 0 _aTrain to Somewhere /
_cby Eve Bunting ; illustrated by Ronald Himler.
260 _aNew York :
_bClarion Books,
_c1996.
300 _a32 pages :
_bcolor illustrations ;
_c24 x 28 cm.
505 _aK
520 _aMarianne, heading west with fourteen other children on an Orphan Train, is sure her mother will show up at one of the stations along the way. When her mother left Marianne at the orphanage, hadn't she promised she'd come for her after making a new life in the West? Stop after stop goes by, and there's no sign of her mother in the crowds that come to look over the children. No one shows any interest in adopting shy, plain Marianne, either. But that's all right: She has to be free for her mother to claim her.
521 _a610
_bLexile
521 _aK
_bRaz-Plus
650 1 _aOrphans
_xFiction.
650 1 _aOrphan trains
_xFiction.
700 1 _aHimler, Ronald,
_eill.
906 _a7
_bcbc
_corignew
_d1
_eocip
_f19
_gy-gencatlg
942 _2ddc
_cBK
_n0
999 _c491
_d491